000
00332nam a2200145Ia 4500
005
20240807062638.0
008
240806s9999||||xx |||||||||||||| ||eng||
041
_a
eng
100
_a
Yashpal
245
0
_a
Singhavlokan /
_c
Yashpal
260
_b
Lok Bharti Prakashan, Allahabad
300
_a
547p.
650
_a
Hindi
942
_c
BK
999
_c
25248
_d
25248